What's Goozlum? Quiz Stats

 Plays Quiz Updated Feb 28, 2020

Support Sporcle.
Go Orange.
Score 0/22 Timer 04:00
0 Plays Today
Definition A, B, or C? % Correct
BEAR CLAW: A) Large pastry B) Toothpick C) Coat hook???
85.1%
FRENCH HARP: A) Woman of loose virtue B) Toothbrush C) Harmonica???
79.7%
CREAM CHEESE: A) Infant diarrhea B) Bird feces C) Cottage cheese???
63.2%
FLANNEL CAKE: A) Pancake B) Car-seat pillow C) Tree moss???
61.7%
HOOKEM-SNIVEY: A) Tea cosy B) Catfish C) Deceitful???
52.7%
NEBBY: A) Nerdy B) Nosey C) Needy???
51.1%
LUCY BOWLES: A) All-girl dance B) Actress C) Diarrhea???
37.5%
GOOZLUM: A) Dress fabric B) Pudding C) Male owl???
37.1%
PANK: A) Spit B) Cough C) Crush???
33.7%
RUMPELKAMMER: A) Gnome B) Skirt C) Storage closet???
33.6%
PIPJENNY: A) Transvestite B) Female minister C) Pimple???
33.4%
Definition A, B, or C? % Correct
BEALING: A) Spanking B) Boil or abscess C) Oatmeal???
33.3%
POGONIP: A) Dense, icy fog B) Ear wax C) Trampoline???
32.7%
FEEL ONE'S KEEPING: A) Be in good health B) Count one's money C) Scratch???
31.8%
JERSEY MOSQUITO: A) Hummingbird B) Large mosquito C) Small New Jerseyan???
31.4%
FLUG: A) Dust or lint B) Barefoot dance C) Uneducated farm boy???
30.8%
FROWY: A) Insane B) Brittle C) Toupée???
30%
PUNEE: A) Mayonnaise B) Bunion C) Sofa???
27.7%
GARDEN HOUSE: A) Tool shed B) Outhouse C) Pantry???
27.1%
PINKLETINK: A) Young frog B) Piglet C) Marmalade???
26.8%
GOOZLE: A) Adam's apple B) Berry C) Flock of geese???
25.9%
IZZARD: A) Innards B) Letter Z C) Vulture???
12%

You're not logged in!

Compare scores with friends on all Sporcle quizzes.
OR
Log In

From the Vault

'Baby' Songs

by JoeBeta

Not to be mistaken for songs for babies.
Remove Ads.
Support Sporcle.
Get the best of Sporcle when you Go Orange. This ad-free experience offers more features, more stats, and more fun while also helping to support Sporcle. Thank you for becoming a member.

Show Comments

Extras

Top Quizzes Today


Score Distribution

Your Account Isn't Verified!

In order to create a playlist on Sporcle, you need to verify the email address you used during registration. Go to your Sporcle Settings to finish the process.

Report this User

Report this user for behavior that violates our Community Guidelines.

Details: